A reconnaissance survey of University Lands seismic development blocks : Pioneer, East Crockett, Central and South Big Lake; Crockett, Irion, Reagan and Upton Counties, Texas /

Bibliographic Details
Main Authors: Burgess, Terry V. (Author), Turpin, Solveig A. (Author)
Corporate Authors: TAS Inc, Texas Historical Commission
Other Authors: Turpin, Jeff
Format: Book
Language:English
Published: Canyon Lake, Texas : TAS, Inc., 2013.
Series:Cultural resources report (TAS Inc.) ; no. 35.
Subjects:

MARC

Tag First Indicator Second Indicator Subfields
LEADER 00000cam a2200000Ii 4500
001 in00003524921
005 20170928104547.0
008 151031s2013 txuab b 000 0 eng d
035 |a (OCoLC)ocn927197619 
040 |a TXA  |b eng  |e rda  |c TXA  |d UtOrBLW 
043 |a n-us-tx 
049 |a TXAM 
050 4 |a E78.T4  |b B86658 2013 
100 1 |a Burgess, Terry V.,  |e author.  |0 http://id.loc.gov/authorities/names/no2008172678 
245 1 2 |a A reconnaissance survey of University Lands seismic development blocks :  |b Pioneer, East Crockett, Central and South Big Lake; Crockett, Irion, Reagan and Upton Counties, Texas /  |c Terry V. Burgess and Solveig A. Turpin ; Jeff Turpin, principal investigator. 
246 3 0 |a Pioneer, East Crockett, Central and South Big Lake; Crockett, Irion, Reagan and Upton Counties, Texas 
264 1 |a Canyon Lake, Texas :  |b TAS, Inc.,  |c 2013. 
300 |a iv, 112 pages :  |b illustrations, maps ;  |c 28 cm. 
336 |a text  |b txt  |2 rdacontent 
337 |a unmediated  |b n  |2 rdamedia 
338 |a volume  |b nc  |2 rdacarrier 
490 1 |a Cultural resource report ;  |v 35 
500 |a "Texas antiquities permit 6098" 
504 |a Includes bibliographical references (pages 26-27). 
650 0 |a Indians of North America  |z Texas  |z Edwards Plateau  |x Antiquities. 
650 0 |a Antiquities, Prehistoric  |z Texas  |z Edwards Plateau. 
650 0 |a Archaeological surveying  |z Texas  |z Edwards Plateau. 
650 0 |a Excavations (Archaeology)  |z Texas  |z Edwards Plateau. 
651 0 |a Edwards Plateau (Tex.)  |x Antiquities. 
700 1 |a Turpin, Solveig A.,  |e author.  |0 http://id.loc.gov/authorities/names/n84009698 
700 1 |a Turpin, Jeff.  |0 http://id.loc.gov/authorities/names/no94003605 
710 2 |a TAS Inc. 
710 2 |a Texas Historical Commission.  |0 http://id.loc.gov/authorities/names/n79126358 
830 0 |a Cultural resources report (TAS Inc.) ;  |v no. 35. 
948 |a cataloged  |b h  |c 2015/10/31  |d o  |e jmarner  |f 12:38:43 pm 
994 |a C0  |b TXA 
999 f f |s 42de921d-6dda-3a05-a41d-9e0777be8753  |i 0fafbbfb-81dd-3ffa-ba8b-5c5bb843f57c  |t 0 
952 f f |p ric  |a Texas A&M University  |b Rellis Campus  |c Joint Library Facility  |d Remote Storage  |t 0  |e E78.T4 B86658 2013  |h Library of Congress classification  |i unmediated -- volume  |m A14843197105 
998 f f |a E78.T4 B86658 2013  |t 0  |l Remote Storage